| 000 | 00859cam a22002054a 4500 | ||
|---|---|---|---|
| 005 | 20250806132606.0 | ||
| 008 | 250528s ||||||||||||||||||||||||d | ||
| 035 | _a15019 | ||
| 020 | _a131666371 | ||
| 040 |
_aGR-AtMCL _bgre _dGR-AtMCL _eAACR2 |
||
| 245 | 1 | _aComputer System Architecture / Second Edition | |
| 250 | _a2nd | ||
| 260 |
_bPrentice Hall, _c1982 |
||
| 300 | _a532 | ||
| 520 | _aPreface, Digital Logic Circuits, Integrated Circuits and Digital Functions, Data Representation, Register Transfer and Micro-Operations, Basic Computer Organization and Design, Computer Software, Central Processor Organization, Microprogram Control Organization, Arithmetic Processor Design, Arithmetic Algorithms, Input-Output Organization, Memory Organization, Index. | ||
| 700 | 1 |
_aMano, Moshe Morris _9852 |
|
| 942 | _cBK | ||
| 999 |
_c624 _d624 |
||